Box office 2007 par images restreintes - Statistiques

Statistiques générales
  • Ce quiz a été pris 457 fois
  • Le résultat moyen est 8 sur 12
Statistiques - réponses
Par images Réponse % Correct
Ratatouille
100%
Les Simpson, le film
99%
Shrek le troisième
98%
Spider-Man 3
98%
Pirates des Caraïbes 3 : Jusqu'au bout du monde
93%
Harry Potter et l'Ordre du Phénix
81%
La Môme
68%
Je suis une légende
59%
Taxi 4
56%
Il était une fois
29%
À la Croisée des Mondes : La Boussole d'Or
24%
Le Renard et l'Enfant
12%
Aucun quiz correspondant
Distribution des résultats
% des personnes avec chaque résultat
Percentile par nombre de réponses
Votre historique - résultats
Vous n’avez pas pris ce quiz